Brasil (Record no. 135751)

MARC details
000 -LÍDER
campo de controle de tamanho fixo 00526 a2200181 4500
001 - NÚMERO DE CONTROLE
campo de controle 135751
020 ## - ISBN - INTERNATIONAL STANDARD BOOK NUMBER
ISBN - International Standard Book Number 978-85-99519-20-2
040 ## - FONTE DA CATALOGAÇÃO
Instituição que transcreveu o registro Leonardo Da Vinci
041 ## - CÓDIGO DE IDIOMA
Código do idioma do texto/trilha sonora ou título diferente Português
082 ## - CDD - CLASSIFICAÇÃO DECIMAL DE DEWEY
Número de Classificação 981 L55b
Número do exemplar L55b
100 ## - ENTRADA PRINCIPAL--NOME PESSOAL
Nome pessoal LEITE JÚNIOR, Alcides Domingues
245 ## - TÍTULO
Título Brasil
Restante do título a trajetória de um país forte
260 ## - PUBLICAÇÃO, DISTRIBUIÇÃO, ETC.
Nome do editor, distribuidor, etc. Trevisan
Data da publicação, distribuição, etc. 2009
Local de publicação, distribuição, etc. São Paulo
300 ## - DESCRIÇÃO FÍSICA
Extensão 284
362 ## - DATAS DE PUBLICAÇÃO E/OU DESIGNAÇÃO SEQUENCIAL
Datas de publicação e/ou designação sequencial 20090000
697 ## - ENTRADA DE ASSUNTO LOCAL--ENTIDADE COLETIVA (RLIN)
Nome corporativo ou nome da jurisdição História
-- Econômia
-- Brasil
-- Condições sociais
-- POlítica e governo
-- Inclusão social
-- FIPEN
942 ## - ELEMENTOS DE ENTRADA ADICIONADOS (KOHA)
Tipo de material Koha Livros
Holdings
Situação do descarte Situação das perdas Situação física Não pode ser emprestado Biblioteca de origem Biblioteca atual Data de aquisição Total de empréstimos Número de chamada completo Código de barras Data de último acesso Data do preço efetivo Tipo de material Koha
        Leonardo Da Vinci - Osasco Leonardo Da Vinci - Osasco 27/03/2024   981 L55b O011972 27/03/2024 27/03/2024 Livros